000 00458nam a2200181Ia 4500
001 16754
005 20260306170334.0
008 260306t2005||||xx |||||||||||||| ||und||
041 _aESP
082 _a349.8
_bC19
100 _aChanduví Cornejo, Víctor Hugo
_eAUT
245 0 _aDerecho indiano y legislación societaria peruana
260 _c2005
300 _a519 páginas :
_c21 cm.
650 _aGEN
654 _aCDE
942 _cLIB
_dJUS
_fJUS
_2ddc
_n
999 _c16754
_d16754